[Event "48th Groningen Open A"]
[Site "Groningen NED"]
[Date "2011.12.21"]
[Round "1.27"]
[White "Tarasova, Viktoriya"]
[Black "Maris, Ivo"]
[Result "1-0"]
[WhiteTitle "WIM"]
[WhiteElo "2294"]
[BlackElo "2022"]
[WhiteFideId "4175840"]
[BlackFideId "1028146"]
[EventDate "2011.12.21"]

1. d4 Nf6 2. c4 g6 3. Nc3 d5 4. e3 Bg7 5. cxd5 Nxd5 6. Nxd5 Qxd5 7. Ne2 O-O 8.
Nc3 Qd8 9. Be2 c5 10. d5 a6 11. a4 e6 12. e4 Qh4 13. Bf3 Nd7 14. g3 Qh3 15. Ne2
Ne5 16. Nf4 Qh6 17. Bg2 g5 18. Nd3 Nxd3+ 19. Qxd3 Bd4 20. O-O Qf6 21. Qd2 h6 22.
Ra3 Bd7 23. Kh1 exd5 24. exd5 b5 25. a5 b4 26. Rf3 Qd6 27. h4 g4 28. Rf4 Be5 29.
Re4 f5 30. Rxe5 Qxe5 31. Qxh6 Bb5 32. Rd1 Qe2 33. Qg6+ Kh8 34. Rg1 Bd3 35. Qh6+
Kg8 36. Qg5+ Kh8 37. Qh6+ Kg8 38. d6 Be4 39. Qg6+ Kh8 40. Qh6+ Kg8 41. Qg5+ Kh8
42. Qh6+ Kg8 43. Qe6+ Kh7 44. Kh2 Qxf2 45. Qh6+ Kg8 46. Qg6+ Kh8 47. Qh6+ Kg8
48. Qg5+ Kh7 49. Qe7+ Kg8 50. Bf4 Rf7 51. Qe6 Rd8 52. Be5 Kf8 53. Qh6+ Ke8 54.
Qe6+ Kf8 55. Qh6+ Ke8 56. Qg6 Kf8 57. Qh6+ Ke8 58. Qe6+ Kf8 59. b3 Qd2 60. Bf4
Qb2 61. Bh6+ Kg8 62. Bg5 Rd7 63. Be7 Bc6 64. Kh1 Bxg2+ 65. Rxg2 Qc1+ 66. Rg1 Qc3
67. Qxd7 Qf3+ 68. Rg2 f4 69. Qc8+ Kh7 70. Qxc5 Qd1+ 71. Qg1 Qd3 72. Qf2 Qf3 73.
Qc2+ Kh6 74. Bg5+ Kh5 75. Bxf4 Rc7 76. Qf5# 1-0

[Event "48th Groningen Open A"]
[Site "Groningen NED"]
[Date "2011.12.22"]
[Round "2.10"]
[White "Thesing, Matthias"]
[Black "Maatman, Nick"]
[Result "1/2-1/2"]
[WhiteTitle "IM"]
[WhiteElo "2409"]
[BlackElo "2029"]
[WhiteFideId "4600720"]
[BlackFideId "1040391"]
[EventDate "2011.12.21"]

1. e4 e6 2. d4 d5 3. Nc3 Bb4 4. Ne2 Nf6 5. Bg5 dxe4 6. a3 Be7 7. Bxf6 gxf6 8.
Nxe4 b6 9. g4 Bb7 10. Bg2 Qc8 11. N2g3 Rg8 12. Qf3 Nd7 13. O-O-O c5 14. Nd6+
Bxd6 15. Qxb7 Qxb7 16. Bxb7 Rd8 17. Bc6 Ke7 18. dxc5 Nxc5 19. b4 Nd7 20. Bxd7
Rxd7 21. f3 Bf4+ 22. Kb1 Rxd1+ 23. Rxd1 Bxg3 24. hxg3 f5 25. gxf5 Rxg3 26. fxe6
Kxe6 27. Rh1 Rxf3 28. Kb2 Kd5 29. Rxh7 Kc4 30. Rh8 Kb5 31. Ra8 a6 32. Rc8 a5 33.
bxa5 Kxa5 34. Ra8+ Kb5 35. c3 Kc4 36. Rc8+ Kb5 37. Kb3 Ka6 38. a4 Kb7 39. Re8
Rf5 40. Re7+ Kc6 41. Kb4 Kd6 42. Ra7 Kc6 43. Ra8 Kb7 44. Rh8 Kc7 45. Rh6 Kb7 46.
Rh4 Kc6 47. Re4 Kd6 48. Re8 Kd7 49. Rf8 Kc7 50. c4 Kc6 51. Re8 Kd7 52. Ra8 Kc7
53. Ra7+ Kc6 54. Re7 Kd6 55. Re1 Kd7 56. Rh1 Kc7 57. Rh6 Kb7 58. Kc3 Ra5 59. Rf6
Rxa4 60. Rxf7+ Kc6 61. Rf4 Ra5 62. Kb4 Rc5 63. Rg4 Kb7 64. Rd4 Kc7 65. Rh4 Kc6
66. Rh7 Kd6 1/2-1/2

[Event "48th Groningen Open A"]
[Site "Groningen NED"]
[Date "2011.12.23"]
[Round "3.13"]
[White "Galoyan, Levon"]
[Black "Van Assendelft, Floris"]
[Result "0-1"]
[WhiteTitle "FM"]
[BlackTitle "FM"]
[WhiteElo "2231"]
[BlackElo "2357"]
[WhiteFideId "13302027"]
[BlackFideId "1010271"]
[EventDate "2011.12.21"]

1. d4 Nf6 2. c4 e6 3. Nc3 Bb4 4. e3 O-O 5. Ne2 Re8 6. a3 Bf8 7. Ng3 d5 8. Be2 c6
9. O-O Nbd7 10. e4 dxe4 11. Ngxe4 Nxe4 12. Nxe4 e5 13. dxe5 Nxe5 14. Bg5 f6 15.
Be3 Bf5 16. Nc5 b6 17. Na6 Qc8 18. Qb3 c5 19. f4 Ng4 20. Bf3 Rxe3 21. Qd1 Rd3
22. Qe2 Rxf3 23. Qxf3 Bd7 24. Nc7 Rb8 25. Rfd1 Ne3 26. Na6 Bg4 27. Qxe3 Qxa6 28.
Rdc1 Rd8 29. b3 Qc8 30. h3 Bf5 31. Rd1 Rd4 32. Kh1 Qd7 33. Qf3 Be4 34. Rxd4 Qxd4
35. Qd1 Qe3 36. Qd7 f5 37. Ra2 Qxh3+ 38. Kg1 Qe3+ 39. Rf2 h6 40. Qxa7 Bd6 41.
Qxb6 Bxf4 0-1

[Event "48th Groningen Open A"]
[Site "Groningen NED"]
[Date "2011.12.26"]
[Round "5.4"]
[White "Michiels, Bart"]
[Black "Ruck, Robert"]
[Result "1-0"]
[WhiteTitle "IM"]
[BlackTitle "GM"]
[WhiteElo "2492"]
[BlackElo "2579"]
[WhiteFideId "202967"]
[BlackFideId "705713"]
[EventDate "2011.12.21"]

1. e4 c5 2. Nf3 d6 3. d4 cxd4 4. Nxd4 Nf6 5. Nc3 a6 6. Be2 e5 7. Nb3 Be7 8. O-O
O-O 9. a4 Nc6 10. Bg5 Be6 11. Bxf6 Bxf6 12. Nd5 Bg5 13. a5 Rc8 14. c3 Ne7 15.
Nb6 Rc7 16. Bg4 f5 17. exf5 Nxf5 18. Nd2 Rcf7 19. Ndc4 Rf6 20. Qe2 Rg6 21. Rad1
Bf4 22. Ne3 Qg5 23. Bxf5 Bxf5 24. Nbd5 Bh3 25. f3 Qh4 26. Qe1 Qd8 27. Kh1 Be6
28. c4 Bg5 29. b4 Rh6 30. Ng4 Bxg4 31. fxg4 Rxf1+ 32. Qxf1 Bf4 33. Nxf4 Rf6 34.
Qd3 Rxf4 35. Qd5+ Kh8 36. h3 h6 37. c5 Qf8 38. cxd6 Rf1+ 39. Rxf1 Qxf1+ 40. Kh2
Qf4+ 41. Kg1 Qc1+ 42. Kh2 Qf4+ 43. Kg1 Qc1+ 44. Kf2 Qc2+ 45. Ke1 Qc1+ 46. Ke2
Qc2+ 47. Qd2 Qc4+ 48. Ke1 Qc8 49. d7 Qd8 50. Qd5 Kh7 51. Ke2 1-0

[Event "48th Groningen Open A"]
[Site "Groningen NED"]
[Date "2011.12.26"]
[Round "5.6"]
[White "Maatman, Nick"]
[Black "Bok, Benjamin"]
[Result "0-1"]
[BlackTitle "IM"]
[WhiteElo "2029"]
[BlackElo "2513"]
[WhiteFideId "1040391"]
[BlackFideId "1017063"]
[EventDate "2011.12.21"]

1. d4 Nf6 2. c4 b6 3. Nf3 Bb7 4. g3 c5 5. d5 b5 6. Bg2 bxc4 7. Ne5 d6 8. Nxc4
Nbd7 9. Nc3 g6 10. O-O Bg7 11. a4 O-O 12. a5 Ba6 13. Qa4 Rb8 14. Ne3 c4 15. Qd1
Nc5 16. Nc2 Nfd7 17. Ra2 Nb3 18. Be3 Qc7 19. Nd4 Ne5 20. h3 Rb7 21. f4 Nd3 22.
exd3 Nxd4 23. dxc4 Nf5 24. Bf2 Bxc4 25. Qa4 Bxa2 26. Qxa2 Rfb8 0-1

[Event "48th Groningen Open A"]
[Site "Groningen NED"]
[Date "2011.12.26"]
[Round "5.7"]
[White "Georgiadis, Nico"]
[Black "Romanov, Evgeny"]
[Result "0-1"]
[WhiteTitle "FM"]
[BlackTitle "GM"]
[WhiteElo "2316"]
[BlackElo "2627"]
[WhiteFideId "1300113"]
[BlackFideId "4148843"]
[EventDate "2011.12.21"]

1. e4 c5 2. Nc3 a6 3. Nge2 e6 4. g3 b5 5. Bg2 Bb7 6. a3 Nf6 7. O-O b4 8. axb4
cxb4 9. e5 Bxg2 10. Kxg2 Ng4 11. Ne4 Nxe5 12. d4 d5 13. dxe5 dxe4 14. Qxd8+ Kxd8
15. Rd1+ Kc7 16. Rd4 Nc6 17. Rxe4 Bc5 18. Nf4 Rhd8 19. Nd3 Bd4 20. Be3 Bxe3 21.
Rxe3 a5 22. b3 Rd5 23. c4 Rdd8 24. Nc5 Nd4 25. Ra2 Nf5 26. Rd3 Rxd3 27. Nxd3 Rd8
28. Rd2 g5 29. h3 h5 30. f4 gxf4 31. gxf4 a4 0-1

[Event "48th Groningen Open A"]
[Site "Groningen NED"]
[Date "2011.12.26"]
[Round "5.8"]
[White "Brandenburg, Daan"]
[Black "Kuipers, Stefan"]
[Result "0-1"]
[WhiteTitle "GM"]
[BlackTitle "FM"]
[WhiteElo "2519"]
[BlackElo "2396"]
[WhiteFideId "1011014"]
[BlackFideId "1018400"]
[EventDate "2011.12.21"]

1. e4 e6 2. d4 d5 3. e5 c5 4. c3 Nc6 5. Nf3 Bd7 6. Be2 f6 7. O-O fxe5 8. dxe5
Qc7 9. Re1 O-O-O 10. Bf4 Nh6 11. c4 d4 12. Nbd2 Be7 13. Ne4 Nf7 14. Bf1 Rdf8 15.
Qd2 h6 16. h4 g5 17. hxg5 hxg5 18. Bg3 g4 19. Nh2 Nh6 20. Bf4 Rxf4 21. Qxf4 Nxe5
22. g3 Nf3+ 23. Nxf3 Qxf4 24. gxf4 gxf3 25. Ng5 Rg8 26. Bh3 Bxg5 27. fxg5 Rxg5+
28. Kh2 e5 29. Bxd7+ Kxd7 30. Rg1 Rf5 31. Rg7+ Nf7 32. Re1 Ke6 33. Rg6+ Ke7 34.
Kg3 Nd6 35. b3 d3 36. Rh6 d2 37. Rd1 Ne4+ 38. Kh2 Rg5 0-1

[Event "48th Groningen Open A"]
[Site "Groningen NED"]
[Date "2011.12.26"]
[Round "5.9"]
[White "Michalik, Peter"]
[Black "Ypma, Peter"]
[Result "1-0"]
[WhiteTitle "GM"]
[WhiteElo "2509"]
[BlackElo "2105"]
[WhiteFideId "14907526"]
[BlackFideId "1027255"]
[EventDate "2011.12.21"]

1. Nf3 e6 2. c4 f5 3. g3 Nf6 4. Bg2 Be7 5. O-O O-O 6. b3 c6 7. Bb2 d6 8. d4 Bd7
9. Nc3 Be8 10. Ng5 Qc8 11. e4 h6 12. Nh3 fxe4 13. Nxe4 Nxe4 14. Bxe4 e5 15. Kg2
Bd7 16. Ng1 Bf5 17. Qc2 exd4 18. Bxd4 Na6 19. Rfe1 Bxe4+ 20. Qxe4 Bf6 21. Rad1
Nc7 22. Ne2 d5 23. Qe3 dxc4 24. bxc4 Qe6 25. Qxe6+ Nxe6 26. Bxf6 Rxf6 27. Nc3
Nc5 28. Re5 b6 29. a4 Raf8 30. f4 Kf7 31. Kf3 Re8 32. Rxc5 bxc5 33. Ne4 Rxe4 34.
Kxe4 Re6+ 35. Kf3 Re7 36. Rd6 Rc7 37. Ke4 a5 38. h4 Rb7 39. Rxc6 Rb4 40. Rxc5
Rxa4 41. Rc7+ Kf6 42. Rc6+ Kf7 43. Kf5 h5 44. Rc7+ Kf8 45. Ke6 Kg8 46. Rc8+ Kh7
47. c5 Ra3 48. Ra8 a4 49. c6 Rc3 50. Kd7 Rd3+ 51. Ke7 Rc3 52. Kd7 Rd3+ 53. Kc8
a3 54. c7 Kg6 55. Kb7 Rb3+ 56. Kc6 Rc3+ 57. Kd6 1-0

[Event "48th Groningen Open A"]
[Site "Groningen NED"]
[Date "2011.12.26"]
[Round "5.10"]
[White "Plat, Vojtech"]
[Black "Klein, David"]
[Result "1/2-1/2"]
[WhiteTitle "IM"]
[BlackTitle "FM"]
[WhiteElo "2425"]
[BlackElo "2378"]
[WhiteFideId "325740"]
[BlackFideId "1003623"]
[EventDate "2011.12.21"]

1. Nf3 Nf6 2. c4 e6 3. g3 d5 4. Bg2 Be7 5. O-O O-O 6. d4 dxc4 7. Ne5 Nc6 8. Nxc6
bxc6 9. Nc3 Rb8 10. e4 Nd7 11. Qe2 c5 12. Rd1 cxd4 13. Rxd4 Bc5 14. Rd1 Qf6 15.
Bf4 Ne5 16. Bxe5 Qxe5 17. Kh1 Bb6 18. f4 Qc5 19. e5 Qf2 20. Qxc4 Qxb2 21. Na4
Qf2 22. Rf1 Qd4 23. Nxb6 Qxb6 24. Rfc1 Bb7 25. Bxb7 Rxb7 26. Qe4 Rbb8 27. Rc2 c5
28. Rac1 Rbc8 29. Qe3 f6 30. Rxc5 Qb7+ 31. Kg1 Rxc5 32. Qxc5 Rd8 33. Qf2 Rd5 1/2-1/2

[Event "48th Groningen Open A"]
[Site "Groningen NED"]
[Date "2011.12.26"]
[Round "5.11"]
[White "Tarasova, Viktoriya"]
[Black "Hoffmann, Michael1"]
[Result "0-1"]
[WhiteTitle "WIM"]
[BlackTitle "GM"]
[WhiteElo "2294"]
[BlackElo "2499"]
[WhiteFideId "4175840"]
[BlackFideId "4601297"]
[EventDate "2011.12.21"]

1. d4 Nf6 2. c4 g6 3. Nc3 d5 4. e3 Bg7 5. cxd5 Nxd5 6. Nxd5 Qxd5 7. Ne2 O-O 8.
Nc3 Qd8 9. Be2 c5 10. d5 e6 11. e4 exd5 12. exd5 b6 13. O-O Bb7 14. Bf3 Nd7 15.
d6 Bxf3 16. Qxf3 Qf6 17. Qd5 Rfe8 18. Bg5 Qe6 19. Rad1 Bxc3 20. Qxe6 Rxe6 21.
bxc3 f6 22. Be3 Re4 23. Rfe1 Rae8 24. Kf1 Kf7 25. Re2 g5 26. Rde1 R4e6 27. f4 h6
28. f5 Re5 29. Bf2 Rd8 30. Rxe5 Nxe5 31. Bg3 Rxd6 32. Bxe5 fxe5 33. Rxe5 Kf6 34.
Re8 Kxf5 35. Rf8+ Ke4 36. Ke2 b5 37. Re8+ Kd5 38. Kd3 Ra6 39. Rd8+ Kc6 40. Rc8+
Kd6 41. Rh8 Rxa2 42. Rxh6+ Kd5 43. Rh5 Rxg2 44. h4 Rg3+ 45. Kd2 Kc4 0-1

[Event "48th Groningen Open A"]
[Site "Groningen NED"]
[Date "2011.12.26"]
[Round "5.12"]
[White "Durarbeyli, Vasif"]
[Black "Afek, Yochanan"]
[Result "1-0"]
[WhiteTitle "GM"]
[BlackTitle "IM"]
[WhiteElo "2539"]
[BlackElo "2301"]
[WhiteFideId "13402935"]
[BlackFideId "2800462"]
[EventDate "2011.12.21"]

1. e4 c5 2. Nf3 Nf6 3. e5 Nd5 4. Nc3 e6 5. Nxd5 exd5 6. d4 Nc6 7. dxc5 Bxc5 8.
Qxd5 d6 9. exd6 Qb6 10. Be3 Bxe3 11. Qe4+ Kd8 12. fxe3 Qxb2 13. Rd1 Re8 14. Qh4+
f6 15. Qxh7 Qc3+ 16. Rd2 Qxe3+ 17. Be2 Qh6 18. Qxh6 gxh6 19. O-O Be6 20. Nd4
Nxd4 21. Rxd4 Bxa2 22. Bg4 Rf8 23. Rdf4 Ke8 24. Rxf6 Rxf6 25. Rxf6 a5 26. Be2
Bd5 27. c4 Bf7 28. c5 Bd5 29. Bb5+ Bc6 30. Bc4 a4 31. Rxh6 Ra5 32. Be6 1-0

[Event "48th Groningen Open A"]
[Site "Groningen NED"]
[Date "2011.12.26"]
[Round "5.14"]
[White "De Jong, Migchiel"]
[Black "Thakur, Akash"]
[Result "1-0"]
[WhiteTitle "IM"]
[WhiteElo "2367"]
[BlackElo "2324"]
[WhiteFideId "1002848"]
[BlackFideId "5008514"]
[EventDate "2011.12.21"]

1. e4 e5 2. Nf3 Nc6 3. Bb5 a6 4. Ba4 Nf6 5. O-O b5 6. Bb3 Be7 7. d4 d6 8. c3 O-O
9. Nbd2 Bb7 10. Re1 Nd7 11. Nf1 Na5 12. Bc2 c5 13. Ne3 exd4 14. cxd4 Bf6 15. Ng4
Rc8 16. b3 Nc6 17. Ba3 Nxd4 18. Nxd4 cxd4 19. Nxf6+ Qxf6 20. Bb2 Qg6 21. Bxd4 f5
22. f3 fxe4 23. Bxe4 Bxe4 24. Rxe4 Nf6 25. Re2 Nh5 26. Kh1 Nf4 27. Rd2 Rfe8 28.
g3 Nh3 29. Qf1 Ng5 30. h4 Nf7 31. Kg2 Nh6 32. Bf2 Nf5 33. Kh2 Rc3 34. Qg2 Ne3
35. Qh3 Rc2 36. Bxe3 Rxe3 37. Rd1 Rxf3 38. Qg2 Rxd2 39. Rxd2 Qf5 40. Qe2 Qf7 41.
Kg2 Rf6 42. Qe4 Qe6 43. Qa8+ Rf8 44. Qxa6 Qe4+ 45. Kh2 Qe5 46. Qc6 h6 47. Kg2
Kh7 48. Qc2+ Kh8 49. Qd3 Rf6 50. Rc2 g6 51. Re2 Qc5 52. Qe4 Kg7 53. Rc2 Qa7 54.
Qd5 b4 55. Qe4 Qb6 56. Kh3 Rf7 57. Rc4 Qg1 58. Rxb4 Qf1+ 59. Qg2 Qf5+ 60. Kh2 d5
61. Qb2+ Kh7 62. Rf4 Qe6 63. Rxf7+ Qxf7 64. b4 Qf3 65. b5 g5 66. Qc2+ Kg7 67.
hxg5 hxg5 68. b6 d4 69. Qc7+ Kg6 70. Qd6+ Kh5 71. Qxd4 Qe2+ 72. Kg1 Qxa2 73. Qf2
Qb1+ 74. Kh2 Kg6 75. g4 Qc1 76. Qf5+ Kg7 77. Qd7+ Kh6 78. Qd6+ 1-0

[Event "48th Groningen Open A"]
[Site "Groningen NED"]
[Date "2011.12.26"]
[Round "5.15"]
[White "Anurag, Mhamal"]
[Black "Van Assendelft, Floris"]
[Result "1/2-1/2"]
[BlackTitle "FM"]
[WhiteElo "2222"]
[BlackElo "2357"]
[WhiteFideId "5024366"]
[BlackFideId "1010271"]
[EventDate "2011.12.21"]

1. c4 e5 2. g3 Nf6 3. Bg2 d5 4. cxd5 Nxd5 5. Nc3 Nb6 6. Nf3 Nc6 7. O-O Be7 8. d3
O-O 9. Bd2 Re8 10. Na4 h6 11. Rc1 Bf8 12. Nc5 Nd7 13. Be3 Nxc5 14. Bxc5 Bxc5 15.
Rxc5 Qd6 16. Rc3 Nd4 17. Nd2 Bg4 18. Re1 c6 19. h3 Bh5 20. Ne4 Qe7 21. g4 Bg6
22. Ng3 Rad8 23. Qc1 h5 24. Ne4 hxg4 25. hxg4 Bxe4 26. dxe4 Ne6 27. e3 Qh4 28.
f3 Ng5 29. Rf1 Re6 30. Qe1 Qxe1 31. Rxe1 Red6 32. Kf2 Rd2+ 33. Re2 Ne6 34. Rc2
Rd1 35. Re1 Kf8 36. Bf1 Ke7 37. Be2 Rxe1 38. Kxe1 Rh8 39. Kf2 a5 40. Kg2 Rd8 41.
Kf2 Rd6 42. Ke1 b6 43. Rc3 Nc5 44. Bf1 Rh6 45. Kf2 Kd6 46. Bg2 Kc7 47. Bf1 Rh8
48. Bg2 Rd8 49. Ke2 Na6 50. Bf1 b5 51. Ke1 Kb6 52. a3 a4 53. Rc2 Nc5 54. Rd2
Rxd2 55. Kxd2 Nb3+ 56. Kc2 f6 57. Be2 c5 58. Kc3 c4 59. Bf1 Kc5 60. Be2 Nc1 61.
Bf1 Na2+ 62. Kc2 b4 63. axb4+ Nxb4+ 64. Kc3 Na2+ 65. Kc2 g6 66. Be2 Nb4+ 67. Kc3
Na2+ 68. Kc2 Nb4+ 69. Kc3 Na2+ 70. Kc2 1/2-1/2

[Event "48th Groningen Open A"]
[Site "Groningen NED"]
[Date "2011.12.26"]
[Round "5.16"]
[White "Pijpers, Arthur"]
[Black "Lyell, Mark"]
[Result "1-0"]
[BlackTitle "FM"]
[WhiteElo "2332"]
[BlackElo "2189"]
[WhiteFideId "1019554"]
[BlackFideId "402354"]
[EventDate "2011.12.21"]

1. e4 e5 2. Nf3 Nc6 3. Bc4 Nf6 4. Ng5 d5 5. exd5 Na5 6. Bb5+ c6 7. dxc6 bxc6 8.
Bd3 Nd5 9. Nf3 Nf4 10. Bf1 Bd6 11. d4 exd4 12. Qxd4 Ne6 13. Qa4 O-O 14. Be2 Re8
15. Nc3 Rb8 16. a3 c5 17. O-O Nd4 18. Nxd4 cxd4 19. Rd1 Be5 20. b4 Nb7 21. f4
Bc7 22. Bf3 Bd7 23. Bc6 dxc3 24. Bxd7 Bb6+ 25. Kh1 Re2 26. Qc6 Qf6 27. f5 Qh4
28. Rf1 Re1 29. Qb5 Rxf1+ 30. Qxf1 Rd8 31. Qe2 Qd4 32. Bg5 Qxd7 33. Bxd8 Qxd8
34. Rd1 Qc8 35. a4 a5 36. Qb5 Bc7 37. Qd7 Qb8 38. Re1 Nd6 39. b5 h6 40. Qc6 Kh7
41. f6 gxf6 42. Re7 Bb6 43. Qxc3 Kg7 44. Qg3+ Kf8 45. Re1 Qc7 46. Qf4 Kg7 47.
Rd1 Ne8 48. Qxc7 Bxc7 49. c4 Bd6 50. b6 Kf8 51. b7 Be5 52. c5 1-0

[Event "48th Groningen Open A"]
[Site "Groningen NED"]
[Date "2011.12.26"]
[Round "5.17"]
[White "Firat, Burak"]
[Black "Nuri, Kambez"]
[Result "1-0"]
[WhiteTitle "IM"]
[BlackTitle "FM"]
[WhiteElo "2393"]
[BlackElo "2256"]
[WhiteFideId "6305881"]
[BlackFideId "1311433"]
[EventDate "2011.12.21"]

1. e4 c5 2. Nf3 d6 3. c3 Nf6 4. Bd3 e6 5. Bc2 Be7 6. O-O O-O 7. d4 Nc6 8. Re1
cxd4 9. cxd4 e5 10. d5 Nb4 11. Bb3 a5 12. Nc3 b6 13. a3 Na6 14. Bc2 Ne8 15. b4
axb4 16. axb4 Bg4 17. Rb1 Rc8 18. Bd2 Bg5 19. Bxg5 Qxg5 20. Nxg5 Bxd1 21. Bxd1
Rxc3 22. Be2 Nb8 23. Rec1 Rxc1+ 24. Rxc1 Nf6 25. f3 h6 26. Nh3 Rd8 27. Nf2 Kf8
28. Nd1 Ke7 29. Ne3 g6 30. Bb5 Nbd7 31. Ra1 Rc8 32. Nc4 Rc7 33. Ra8 Nh5 34. Bc6
b5 35. Na3 Nb6 36. Ra6 Nc4 37. Nxb5 Rc8 38. g3 f5 39. Ra7+ Kf8 40. Rd7 Rb8 41.
Nxd6 1-0

[Event "48th Groningen Open A"]
[Site "Groningen NED"]
[Date "2011.12.26"]
[Round "5.19"]
[White "Rietveld, Renze"]
[Black "Duijker, Rick"]
[Result "1/2-1/2"]
[BlackTitle "FM"]
[WhiteElo "2264"]
[BlackElo "2204"]
[WhiteFideId "1013998"]
[BlackFideId "1010565"]
[EventDate "2011.12.21"]

1. e4 e6 2. d4 d5 3. Nd2 dxe4 4. Nxe4 Nd7 5. Nf3 Ngf6 6. Bd3 Nxe4 7. Bxe4 Nf6 8.
Bd3 c5 9. O-O cxd4 10. Nxd4 Be7 11. c3 O-O 12. Qe2 Bd7 13. Rd1 Qc7 14. Bg5 Bc6
15. Nxc6 Qxc6 16. Bxf6 Bxf6 17. Be4 Qc7 18. Qb5 Rfd8 19. a4 Rxd1+ 20. Rxd1 Rd8
21. Rxd8+ Qxd8 22. g3 b6 23. Qa6 Qc7 24. Kf1 g6 25. Ke2 Kg7 26. Kd3 h5 27. Kc2
Be7 28. Kb3 Bc5 29. Qc4 1/2-1/2

[Event "48th Groningen Open A"]
[Site "Groningen NED"]
[Date "2011.12.26"]
[Round "5.21"]
[White "Cako, Laszlo"]
[Black "Van Overdam, Julian"]
[Result "1/2-1/2"]
[WhiteElo "2111"]
[BlackElo "2244"]
[WhiteFideId "1008153"]
[BlackFideId "1015303"]
[EventDate "2011.12.21"]

1. e4 c5 2. Nf3 d6 3. d4 cxd4 4. Nxd4 Nf6 5. Nc3 e6 6. Bc4 Be7 7. Bb3 Na6 8. O-O
Nc5 9. Re1 O-O 10. Qf3 a6 11. Qg3 Kh8 12. Bg5 Qc7 13. Rad1 b5 14. a3 Bb7 15. f3
Nxb3 16. cxb3 Rac8 17. Rc1 Qb8 18. Red1 Ba8 19. b4 h6 20. Be3 Nd7 21. Nb3 Nb6
22. Na5 Nc4 23. Nxc4 Rxc4 24. Rd4 Rfc8 25. Rcd1 Rxd4 26. Bxd4 Bf8 27. e5 d5 28.
Qf2 Rc4 29. f4 a5 30. b3 Rc6 31. Bc5 Bxc5 32. bxc5 b4 33. Na4 bxa3 34. Nb6 Bb7
35. Qa2 Qc7 36. Na4 f6 37. exf6 gxf6 38. Qxa3 Qxf4 39. Qb2 Ba6 40. Qc3 Kg7 41.
h3 Be2 42. Rd2 Bh5 43. Rf2 Qe5 44. Qxa5 Qa1+ 1/2-1/2

[Event "48th Groningen Open A"]
[Site "Groningen NED"]
[Date "2011.12.26"]
[Round "5.23"]
[White "Meng, Roger"]
[Black "Van Overdam, Jan"]
[Result "1/2-1/2"]
[WhiteElo "2283"]
[BlackElo "2069"]
[WhiteFideId "1000152"]
[BlackFideId "1022741"]
[EventDate "2011.12.21"]

1. Nc3 d5 2. d4 Nf6 3. Bg5 Bf5 4. Bxf6 exf6 5. e3 c6 6. Bd3 Qd7 7. Nf3 Be7 8.
O-O O-O 9. Ne2 Bd6 10. c4 dxc4 11. Bxc4 Qc7 12. Ng3 Bg4 13. Be2 f5 14. Qd3 g6
15. Rfe1 Nd7 16. Nf1 Nf6 17. h3 Bxf3 18. Bxf3 Rfe8 19. Rec1 Rad8 20. Qc4 Qb6 21.
Rab1 f4 22. b4 fxe3 23. fxe3 Rc8 24. a4 a6 25. Qc3 Qd8 26. b5 axb5 27. axb5 Nd5
28. Qb3 Qg5 29. e4 Nf4 30. Kh1 cxb5 31. Rxc8 Rxc8 32. e5 Bf8 33. Qxb5 Rd8 34.
Qc4 Ne6 35. d5 Qf4 36. Qxf4 Nxf4 37. Ne3 Bc5 38. Nc4 b6 39. d6 Kg7 40. Kh2 Nd3
41. Rd1 Nf4 42. g3 Ne6 43. Bd5 Nf8 44. Kg2 h6 45. Kf3 Re8 46. Bc6 Rd8 47. Ke4
Ne6 48. h4 Nf8 49. Rf1 h5 50. Nd2 Bb4 51. Nf3 Ne6 52. Bd5 Nc5+ 53. Kd4 Nd7 54.
Ng5 Nxe5 55. Kxe5 f6+ 56. Kd4 fxg5 57. Rf7+ Kh6 58. d7 gxh4 59. gxh4 Be1 60. Ke5
Bxh4 61. Be4 b5 62. Kd5 b4 63. Kc4 Rb8 64. Kb3 Bg5 65. Rf3 Be7 66. Rf7 Bg5 67.
Rf3 Be7 68. Rf7 Bg5 1/2-1/2

[Event "48th Groningen Open A"]
[Site "Groningen NED"]
[Date "2011.12.26"]
[Round "5.24"]
[White "Vogel, Jaap"]
[Black "Maris, Ivo"]
[Result "1/2-1/2"]
[WhiteTitle "FM"]
[WhiteElo "2169"]
[BlackElo "2022"]
[WhiteFideId "1000764"]
[BlackFideId "1028146"]
[EventDate "2011.12.21"]

1. d4 Nf6 2. Nf3 g6 3. g3 Bg7 4. Bg2 O-O 5. O-O d5 6. c4 dxc4 7. Na3 c3 8. bxc3
c5 9. e3 Nc6 10. Bb2 Qb6 11. Qe2 Bf5 12. Rfd1 Rfd8 13. Nc4 Qa6 14. Bf1 Qa4 15.
h3 h6 16. Ncd2 cxd4 17. cxd4 Bc2 18. Rdc1 Nb4 19. Ne1 Rac8 20. a3 Nbd5 21. Qb5
a6 22. Qxb7 Rc6 23. Qxc6 Qxc6 24. Rxc2 Qe6 25. Rac1 Kh7 26. Bg2 Qd7 27. Nd3 Qb5
28. Bf1 Kg8 29. Nc5 Qb8 30. Nxa6 Qd6 31. Rc6 Qd7 32. e4 Qb7 33. R6c2 Nb6 34. Rc7
Qa8 35. Rxe7 Bf8 36. Nc7 Qa5 37. Nb3 Qa4 38. Nc5 Bxe7 39. Nxa4 Nxa4 40. e5 Nxb2
41. exf6 Bxf6 42. Nb5 Bxd4 43. Nxd4 Rxd4 44. Bb5 Na4 45. Rc7 Kf8 46. Ra7 Nc3 47.
Bf1 f5 48. Rc7 Ne4 49. Rc2 1/2-1/2

[Event "48th Groningen Open A"]
[Site "Groningen NED"]
[Date "2011.12.26"]
[Round "5.25"]
[White "Hummel, Joop"]
[Black "Kappus, Stephan"]
[Result "0-1"]
[WhiteElo "2030"]
[BlackElo "2093"]
[WhiteFideId "1012126"]
[BlackFideId "12906875"]
[EventDate "2011.12.21"]

1. d4 Nf6 2. c4 e6 3. Nf3 b6 4. e3 Bb7 5. Bd3 Be7 6. O-O O-O 7. b3 d6 8. Nc3
Nbd7 9. Bb2 c5 10. Qe2 a6 11. Rad1 Qc7 12. e4 cxd4 13. Nxd4 Rfd8 14. Kh1 Qc5 15.
Na4 Qh5 16. Qxh5 Nxh5 17. f4 Rab8 18. f5 e5 19. Ne2 Nhf6 20. Nec3 Bc6 21. Bc1 b5
22. Nb2 Nc5 23. cxb5 axb5 24. Nd5 Bxd5 25. exd5 Nxd5 26. Bxb5 Nc3 27. Bc4 Nxd1
28. Rxd1 Ne4 29. Re1 Nc3 30. a4 d5 31. Bd2 Ne4 32. Rxe4 dxe4 33. Be3 Ba3 0-1

[Event "48th Groningen Open A"]
[Site "Groningen NED"]
[Date "2011.12.26"]
[Round "5.26"]
[White "Dehn, Marcus"]
[Black "Sparenberg, Erik"]
[Result "0-1"]
[WhiteElo "2134"]
[BlackElo "2162"]
[WhiteFideId "4667093"]
[BlackFideId "1013262"]
[EventDate "2011.12.21"]

1. e4 e5 2. Bc4 Nc6 3. Nf3 Nf6 4. d3 Be7 5. O-O O-O 6. c3 d6 7. Bb3 Be6 8. Bxe6
fxe6 9. Re1 Nd7 10. d4 Bf6 11. d5 exd5 12. Qxd5+ Kh8 13. Be3 Qe7 14. Na3 Nb6 15.
Qb3 Nd8 16. Nb5 Ne6 17. a4 Nd7 18. Qc2 a6 19. Na3 g5 20. Nc4 h5 21. Bc1 g4 22.
Nfd2 Bh4 23. Rf1 Nf4 24. Ne3 Ne2+ 25. Kh1 Bxf2 26. Nf5 Rxf5 27. exf5 Qh4 28. Ne4
Ng3+ 29. Nxg3 Bxg3 30. h3 gxh3 31. Qd2 Bf4 32. g3 Qxg3 33. Qf2 Qg4 34. Bxf4 exf4
35. Rg1 Qxf5 36. Qh4 Ne5 37. Raf1 Ng4 38. Rg3 Qd5+ 39. Rgf3 Rf8 40. Qxh3 Rf5 41.
Qh4 Ne5 42. Qd8+ Kh7 43. Qe7+ Rf7 44. Qg5 Qc6 45. Qxh5+ Kg8 46. Rg1+ Kf8 47.
Qh6+ Ke7 48. Qh4+ Ke6 49. Qh3+ Kd5 50. Rff1 Kc5+ 51. Rg2 Qe4 52. Kg1 Rh7 53. Qc8
Qe3+ 0-1